00375nam a22001457a 4500003000400000005001700004008004100021020001800062040000900080082001500089100001600104245005800120260004200178300000900220OSt20210225123057.0210224b ||||| |||| 00| 0 eng d a9789388624732 coclc a378bCHO/G aChopra, J K aGeneral Studies 2019 :bCurrent Affairs /cJ K Chopra aNew Delhi:bUnique Publishers,c2019. a131p